000 01153cad a22002535a 4500
001 E153472
008 110801s2010 xxk f 000 0 eng d
035 _a(Sirsi) u153472
041 0 _aeng
100 1 _aGallent, Nick
245 0 0 _aInternal housing space standards in Italy and England
_bcomparing the "conditions" of regulation
_h[electronic resource]
260 _aLondon
_bRICS
_c2010
490 0 _aRICS Findings in Built and Rural Environments
520 _aCompares internal space requirements in Italy and England and looks at how these affect national housing markets and the construction industry. Considers barriers to the implementation of universal internal housing space standards in England, and the conditions which might make regulation more acceptable.
521 _aAdvanced
590 _aKA
651 4 _aEngland
_y886-
651 4 _aItalia = Italy
_y1992-
690 _aPROPERTY-RESIDENTIAL PROPERTY-DOMESTIC RESIDENTIAL PROPERTY-HOUSING
700 1 _aMadeddu, Manuela
700 1 _aMace, Alan
856 4 0 _uhttps://www.rics.org/Global/Downloads/Internal_space_standards.pdf
_zBroken link - not available
942 _n0
999 _c112537
_d112537